As amêndoas do padrinho Pascoal (Registo nº 3695)

Detalhes MARC
000 -Etiqueta do registo
Cabeçalho 00815nam a2200265 4500
005 - Identificador da versão
Campo de controlo 20240813122040.0
095 ## -
-- PTBN00260268
010 ## - Número internacional normalizado dos livros (ISBN)
Número (ISBN) 972649205X
021 ## - Número do Depósito Legal
Código do país PT
Número 35987/90
100 ## - Dados gerais de processamento
Dados gerais de processamento 20190527d1990 c y0pory5003 ba
102 ## - Pais de publicação ou produção
País de publicação Portugal
101 0# - Língua de publicação
Língua do texto, banda sonora, etc. Português
215 ## - Descrição física 
Indicação específica da natureza do documento e extensão da espécie [1], 52 p.
Outras indicações físicas il. color
200 1# - Titulo e menção de responsabilidade
Título próprio As amêndoas do padrinho Pascoal
Primeira menção de responsabilidade Maria Isabel de Mendonça Soares
Outras menções de responsabilidade il. de Margarida Azevedo
225 1# - Colecção 
Título próprio da colecção Bem crescer-bem viver
Indicação de volume 9
210 ## - Publicação, Distribuição, etc. 
Lugar da edição, distribuição, etc. [Porto]
Nome do editor, distribuidor, etc. Desabrochar
Data da publicação, distribuição, etc. D.L. 1990
606 ## - Nome comum usado como assunto
Número de registo de entrada de autoridade 0001335
Palavra de ordem Literatura portuguesa
Subdivisão de assunto Conto
Código do sistema CA
675 ## - Classificação Decimal Universal (CDU)
Notação 821.134.3-34
Edição 3ª ed.
Língua da edição por
702 #1 - Nome de autor-pessoa física (responsabilidade secundária)
Número de registo de entrada de autoridade 0000055
Palavra de ordem Azevedo
Outra parte do nome não tomada para palavra de ordem Margarida
Código de função Ilustrador / Técnico de desenho computorizado
700 #1 - Nome de autor-pessoa física (responsabilidade principal)
Número de registo de entrada de autoridade 0000054
Palavra de ordem Soares
Outra parte do nome não tomada para palavra de ordem Maria Isabel de Mendonça
Datas 1922-
966 ## - Identificação da Biblioteca
Sigla EBVEN
942 ## - Elementos de entrada adicionados (Koha)
Tipo de item no Koha Livro
Exemplares
Situação do levantamento Origin of item (home branch) (coded) Biblioteca de empréstimo Código de barras Cota Circulation type (not for loan) Tipo de documento Nota do exemplar Damaged status
  Biblioteca Escolar das Vendas Biblioteca Escolar das Vendas BEV1904 8 POR SOA   Livro Sem mensagem